000 00746nam a22002057a 4500
005 20240805131600.0
010 _aENG-141204
020 _c649.00
_a9788196329648
035 _aEN-124736
037 _bDBAD
082 _a355.033054
_21
245 0 0 _aGrace, Glory and Gaffe:
_bIndia's Defence and Security@75/
_cEdited by Uttara Sahasrabuddhe [and] Akshay Ranade
250 _a1
260 _aMumbai
_bKabdwal Book International
270 _aPlot No. 179, D/42, Raigad CHS, Sector 1, Charkop, Kandivali(W)
_bMumbai
_e400067
_morder@kabdwalbook.com
300 _axii,302p.
_c22cm(pbk)
700 _aSahasrabuddhe, Uttara
_eEditor
_969460
700 _aRanade, Akshay
_eEditor
_969461
942 _2ddc
_cEN
_mGRA
_h355.033054
_e1
999 _c204817
_d204817